The Court Of Civil Suit No. 1359 of 1998 Labeja Nelson Vs A.D. & Sons and others. (Record no. 3758)

MARC details
000 -LEADER
fixed length control field 00415nam a22001097a 4500
008 - FIXED-LENGTH DATA ELEMENTS--GENERAL INFORMATION
fixed length control field 110623t xxu||||| |||| 00| 0 eng d
010 ## - LIBRARY OF CONGRESS CONTROL NUMBER
LC control number HCCSF94
245 ## - TITLE STATEMENT
Title The Court Of Civil Suit No. 1359 of 1998 Labeja Nelson Vs A.D. & Sons and others.
260 ## - PUBLICATION, DISTRIBUTION, ETC. (IMPRINT)
Date of publication, distribution, etc 1998
500 ## - GENERAL NOTE
General note Before: The Hon. Mr. Justice G. Tinyinondi.
Holdings
Withdrawn status Lost status Source of classification or shelving scheme Damaged status Koha normalized classification for sorting Not for loan Location (home branch) Sublocation or collection (holding branch) Shelving location Date acquired Koha issues (times borrowed) Koha full call number Piece designation (barcode) Koha date last seen Price effective from Koha item type
    Dewey Decimal Classification   HCCS_F94   Law Development Centre Main Library Law Development Centre Main Library Law Reports 06/23/2011   HCCS F94 1359/1998/1 06/23/2011 06/23/2011 Un Reported Cases